• 首页
  • 本馆介绍
  • 公告通知
  • 最新文献
  • 馆藏检索
  • 电子资源
  • 读者导购
  • 参考咨询
  • 我的图书馆
  • 登录
  • 详细信息显示
  • 放入我的书架
  • 预约/预借图书
  • 作者相关作品
  • 分类相关作品
  • 丛书相关作品
  • 出版社相关作品

书目信息

  • 表格格式
  • 工作单格式
  • 卡片格式
题名:
温病正宗
    
 
作者: 王德宣 著 ;李刘坤 点校
分册:  
出版信息: 北京   中医古籍出版社  1987.10
页数: 152页
开本: 19厘米
丛书名:
单 册:
中图分类: R254
科图分类:
主题词: 中医内科 , 中医内科学
电子资源:
ISBN: 7-80013-130-0
000 00734nam0 2200265 45
001 0189023382
005 20040520090919.4
010    @a7-80013-130-0@dCNY1.25
020    @aCN@b89023382
100    @a19910905d1987 m y0chiy0120 ea
101 0  @achi
102    @aCN@b110000
105    @ay z 000yy
106    @ar
200 10 @a温病正宗@Awen bing zheng zong@f王德宣著@Fwang de xuan zhu@g李刘坤点校
210    @a北京@c中医古籍出版社@d1987.10
215    @a152页@d19厘米
540 1  @a温病 正宗@Awen bing zheng zong
606 0  @a中医内科
606 0  @a中医内科学
690    @aR254
701  0 @a王德宣@Awang de xuan@4著
702  0 @a李刘坤@Ali liu kun@4点校
801  0 @aCN@bNLC@c19910905
905    @f2@b207309-310@dR254@e49
    
    温病正宗/王德宣著/李刘坤点校.-北京:中医古籍出版社,1987.10
    152页;19厘米
    
    
    ISBN 7-80013-130-0:CNY1.25
    
●
相关链接 在E读中查询图书 在五车中查询图书 在当当中查询图书 在豆瓣中查询图书


正题名:温病正宗     索取号:R254/49         预约/预借

序号 登录号 条形码 馆藏地/架位号 状态 备注
1 0207309   000712045   密集书库/ [索取号:R254/49] 在馆    
2 0207310   000712036   密集书库/ [索取号:R254/49] 在馆    
3 0207311   000712018   第二样本阅览室/ [索取号:R254/49] 在馆    
唐山师范学院图书馆 欢迎您!
大连网信软件有限公司© 版权所有